Design of equilibrium stage processes (Record no. 13251)

000 -LEADER
fixed length control field 00589nam a22002171 4500
001 - CONTROL NUMBER
control field 13251
003 - CONTROL NUMBER IDENTIFIER
control field BD-DhUET
008 - FIXED-LENGTH DATA ELEMENTS--GENERAL INFORMATION
fixed length control field 740517s1963 nyua b 000 0 eng
020 ## - INTERNATIONAL STANDARD BOOK NUMBER
International Standard Book Number 070586373
040 ## - CATALOGING SOURCE
Original cataloging agency DLC
Transcribing agency OAkU
Modifying agency BD-DhUET
082 ## - DEWEY DECIMAL CLASSIFICATION NUMBER
Classification number 660.28422
Item number SMI/1963
100 1# - MAIN ENTRY--PERSONAL NAME
Personal name Smith, Buford D.
245 10 - TITLE STATEMENT
Title Design of equilibrium stage processes
250 ## - EDITION STATEMENT
Edition statement 1st ed.
260 ## - PUBLICATION, DISTRIBUTION, ETC. (IMPRINT)
Place of publication, distribution, etc. New York
Name of publisher, distributor, etc. McGraw-Hill
Date of publication, distribution, etc. 1963
300 ## - PHYSICAL DESCRIPTION
Extent 647 p.
Other physical details ill.
Dimensions 24 cm.
490 ## - SERIES STATEMENT
Series statement McGraw-Hill chemical engineering series
504 ## - BIBLIOGRAPHY, ETC. NOTE
Bibliography, etc Includes bibliographies
650 #0 - SUBJECT ADDED ENTRY--TOPICAL TERM
Topical term or geographic name as entry element Chemical equilibrium
942 ## - ADDED ENTRY ELEMENTS (KOHA)
Koha item type General Book
Holdings
Withdrawn status Price effective from Location (home branch) Source of classification or shelving scheme Koha full call number Koha date last seen Sublocation or collection (holding branch) Copy number Koha item type Shelving location Koha normalized classification for sorting Date acquired Not for loan Piece designation (barcode) Damaged status Lost status
 2015-03-02Central Library, BUET 660.28422/SMI/19632015-03-02Central Library, BUET1General BookCirculation section660_284220000000000_SMI_19632015-03-02 34954  
 2015-03-03Central Library, BUET 660.28422/SMI/19632015-03-03Central Library, BUET2General BookCirculation section660_284220000000000_SMI_19632015-03-03 29845  
 2015-03-03Central Library, BUET 660.28422/SMI/19632015-03-03Central Library, BUET3General BookCirculation section660_284220000000000_SMI_19632015-03-03 29841  
 2015-03-03Central Library, BUET 660.28422/SMI/19632015-03-03Central Library, BUET4General BookCirculation section660_284220000000000_SMI_19632015-03-03 29847  
 2015-03-03Central Library, BUET 660.28422/SMI/19632015-03-03Central Library, BUET5General BookCirculation section660_284220000000000_SMI_19632015-03-03 29853  
 2015-03-03Central Library, BUET 660.28422/SMI/19632015-03-03Central Library, BUET6General BookCirculation section660_284220000000000_SMI_19632015-03-03 29843  
 2015-03-03Central Library, BUET 660.28422/SMI/19632015-03-03Central Library, BUET7General BookCirculation section660_284220000000000_SMI_19632015-03-03 29844  
 2015-03-03Central Library, BUET 660.28422/SMI/19632015-03-03Central Library, BUET8General BookCirculation section660_284220000000000_SMI_19632015-03-03 29840  
 2015-03-03Central Library, BUET 660.28422/SMI/19632015-03-03Central Library, BUET9General BookCirculation section660_284220000000000_SMI_19632015-03-03 34955  
 2015-05-11Central Library, BUET 660.28422/SMI/19632015-05-11Central Library, BUET10General BookCirculation section660_284220000000000_SMI_19632015-05-11 11477  
 2015-05-11Central Library, BUET 660.28422/SMI/19632015-05-11Central Library, BUET11General BookCirculation section660_284220000000000_SMI_19632015-05-11 29846  
 2015-05-11Central Library, BUET 660.28422/SMI/19632015-05-11Central Library, BUET12General BookCirculation section660_284220000000000_SMI_19632015-05-11 34953  
 2015-05-11Central Library, BUET 660.28422/SMI/19632015-05-11Central Library, BUET13General BookCirculation section660_284220000000000_SMI_19632015-05-11 18836  
 2015-05-11Central Library, BUET 660.28422/SMI/19632015-05-11Central Library, BUET14General BookCirculation section660_284220000000000_SMI_19632015-05-11 29854  
 2015-05-11Central Library, BUET 660.28422/SMI/19632015-05-11Central Library, BUET15General BookCirculation section660_284220000000000_SMI_19632015-05-11 29856  
 2015-05-19Central Library, BUET 660.28422/SMI/19632015-05-19Central Library, BUET16General BookCirculation section660_284220000000000_SMI_19632015-05-19 29848  
 2015-06-18Central Library, BUET 660.28422/SMI/19632015-06-18Central Library, BUET17Reading ItemReading section660_284220000000000_SMI_19632015-06-18 6449